| 000 | 01248nam a2200313 i 4500 | ||
|---|---|---|---|
| 999 |
_c5112 _d5112 |
||
| 001 | 2020000011 | ||
| 003 | DLC | ||
| 005 | 20250620104319.0 | ||
| 008 | 201104s2020 nyua e b 001 0deng d | ||
| 020 | _a9780008355562 | ||
| 040 |
_aDLC _beng _erda _cDLC _dNjBwBT _dCaOL _dKH8 |
||
| 082 | _a158.1 SHE | ||
| 100 | 1 |
_aShetty, Jay, _eauthor. |
|
| 245 | 1 | 0 |
_aThink like a monk : _btrain your mind for peace and purpose every day / _cJay Shetty. |
| 246 | 3 | 0 | _aTrain your mind for peace and purpose every day. |
| 264 | 1 |
_aNew York : _bSimon & Schuster, _c2020. |
|
| 264 | 4 | _c©2020. | |
| 300 |
_axix, 328 pages : _billustrations ; _c24 cm. |
||
| 336 |
_atext _btxt _2rdacontent. |
||
| 337 |
_aunmediated _bn _2rdamedia. |
||
| 338 |
_avolume _bnc _2rdacarrier. |
||
| 504 | _aIncludes bibliographical references and index. | ||
| 520 |
_a"Jay Shetty, social media superstar and host of the #1 podcast On Purpose, distills the timeless wisdom he learned as a monk into practical steps anyone can take every day to live a less anxious, more meaningful life"-- _cProvided by publisher. |
||
| 650 | 0 | _aSelf-realization. | |
| 650 | 0 | _aMeaning (Psychology) | |
| 650 | 0 | _aConduct of life. | |
| 650 | 0 | _aHindu monastic and religious life. | |
| 942 |
_2ddc _cNFIC |
||